| 000 | 00000nas 2200000za 4500 |
| 001 | 9.814077 |
| 003 | CaOODSP |
| 005 | 20221107141709 |
| 007 | cr ||||||||||| |
| 008 | 160331d19751991onc x p o f0 b0fre|d |
| 040 | |aCaOODSP|bfre |
| 041 | |afre|aeng |
| 043 | |an-cn--- |
| 086 | 1 |aH12-21/1-PDF |
| 245 | 00|aCanada diseases weekly report |h[ressource électronique] = |bRapport hebdomadaire des maladies au Canada. |
| 246 | 11|aRapport hebdomadaire des maladies au Canada |
| 260 | |aOttawa : |bHealth and Welfare Canada = Santé et Bien-être social Canada, |c1975-1991. |
| 310 | |aHebdomadaire |
| 362 | 0 |aVol. 1 (10 mai 1975)-v. 17 (1991). |
| 525 | |aDes suppl. accompagnent certains nos |
| 546 | |aTexte en anglais et en français. |
| 692 | 07|2gccst|aMaladie |
| 710 | 1 |aCanada. |bSanté et bien-être social Canada. |
| 785 | 00|tCanada communicable disease report |w(CaOODSP)9.853162 |
| 791 | |tCanada diseases weekly report |eeng|w(CaOODSP)9.814071 |